[Event "Skakligaen 2023-24"]
[Site "Denmark"]
[Date "2023.10.29"]
[Round "2.4"]
[Board "4"]
[White "Jacobsen, Mikkel Manosri"]
[Black "Pedersen, Nicolai Vesterbaek"]
[Result "1-0"]
[WhiteElo "2321"]
[BlackElo "2341"]
[PlyCount "47"]
[WhiteTeam "BMS"]
[BlackTeam "Skanderborg"]
[EventDate "2023.10.28"]
[EventType "team-tourn"]
[EventRounds "9"]
[EventCountry "DEN"]
[SourceTitle "Live v. Kasper Jerwiarz"]
[Table "4"]

1. c4 Nf6 2. g3 g6 3. Bg2 Bg7 4. Nc3 O-O 5. d4 d6 
6. h3 c5 7. e3 cxd4 8. exd4 e5 9. Nge2 Nc6 10. Be3 exd4 
11. Nxd4 Nxd4 12. Bxd4 Re8+ 13. Kf1 Bd7 14. b3 Bc6 15. Rc1 Qd7 
16. Qd3 a6 17. a4 Re6 18. Bf3 h5 19. Kg2 h4 20. Nd5 Bxd5 
21. Bxd5 Re7 22. Qxg6 Ne8 23. Rhe1 Kf8 24. Bxg7+ 1-0

[Event "Skakligaen 2023-24"]
[Site "Denmark"]
[Date "2023.10.29"]
[Round "2.5"]
[Board "5"]
[White "Boe, Mads"]
[Black "Rostgaard, Tobias Valentin"]
[Result "0-1"]
[WhiteElo "2283"]
[BlackElo "2308"]
[PlyCount "92"]
[WhiteTeam "Skanderborg"]
[BlackTeam "BMS"]
[EventDate "2023.10.28"]
[EventType "team-tourn"]
[EventRounds "9"]
[EventCountry "DEN"]
[SourceTitle "Live v. Kasper Jerwiarz"]
[Table "5"]

1. d4 Nf6 2. Bf4 g6 3. e3 Bg7 4. Nf3 O-O 5. Nbd2 c5 
6. c3 b6 7. Bd3 Nc6 8. h3 d5 9. O-O Bb7 10. Qe2 Nd7 
11. Rfd1 e6 12. Bg3 Re8 13. Ba6 Bxa6 14. Qxa6 Qc8 15. Qe2 Qb7 
16. Rab1 b5 17. dxc5 Nxc5 18. Bd6 Na4 19. e4 Rad8 20. e5 a6 
21. Nb3 Nb6 22. Nc5 Qc8 23. Nd3 Nc4 24. Bb4 Qc7 25. Re1 a5 
26. Ba3 Rb8 27. Rbc1 Red8 28. h4 h5 29. Kh1 Rbc8 30. g3 Qb8 
31. Bc5 N6xe5 32. Ndxe5 Nxe5 33. Nxe5 Bxe5 34. Bd4 Bxd4 35. cxd4 Rc4 
36. b3 Rxd4 37. Qc2 Qb7 38. Rxe6 fxe6 39. Qxg6+ Qg7 40. Qxe6+ Qf7 
41. Qb6 Qf3+ 42. Kg1 Rd1+ 43. Rxd1 Qxd1+ 44. Kg2 Rd7 45. Qg6+ Rg7 
46. Qe6+ Rf7 0-1

[Event "Skakligaen 2023-24"]
[Site "Denmark"]
[Date "2023.10.29"]
[Round "2.6"]
[Board "6"]
[White "Haubro, Sigfred"]
[Black "Brondt, Nicolai Kvist"]
[Result "1/2-1/2"]
[WhiteElo "2186"]
[BlackElo "2234"]
[PlyCount "90"]
[WhiteTeam "BMS"]
[BlackTeam "Skanderborg"]
[EventDate "2023.10.28"]
[EventType "team-tourn"]
[EventRounds "9"]
[EventCountry "DEN"]
[SourceTitle "Live v. Kasper Jerwiarz"]
[Table "6"]

1. Nf3 d5 2. d4 Nf6 3. e3 c6 4. Be2 Bg4 5. O-O e6 
6. b3 Nbd7 7. c4 Bd6 8. Bb2 O-O 9. Nbd2 Qb8 10. h3 Bf5 
11. Rc1 a5 12. a4 h6 13. Kh1 Bh7 14. Ne1 Ne4 15. Nxe4 Bxe4 
16. f3 Bh7 17. Bd3 f5 18. f4 Bg6 19. Nf3 Bh5 20. g4 Bg6 
21. Ne5 Qe8 22. Rg1 Nxe5 23. dxe5 Bb4 24. cxd5 cxd5 25. Qf3 Rc8 
26. Rcf1 Qf7 27. gxf5 Bxf5 28. e4 dxe4 29. Bxe4 Rc7 30. Rg3 Bxe4 
31. Qxe4 Qf5 32. Qf3 Rd8 33. Bc1 Rc3 34. Be3 Rd7 35. Qg2 Bf8 
36. Rg1 Rxb3 37. Bf2 Rxg3 38. Bxg3 Rc7 39. Bh2 Rc2 40. Qf3 Rd2 
41. Rg3 Rb2 42. Qd3 Rb1+ 43. Kg2 Rb2+ 44. Kh1 Rb1+ 45. Kg2 Rb2+ 
1/2-1/2

[Event "Skakligaen 2023-24"]
[Site "Denmark"]
[Date "2023.10.29"]
[Round "2.7"]
[Board "7"]
[White "Berg, Klaus"]
[Black "Akdag, Dara Sevkan"]
[Result "0-1"]
[WhiteElo "2273"]
[BlackElo "2163"]
[PlyCount "86"]
[WhiteTeam "Skanderborg"]
[BlackTeam "BMS"]
[EventDate "2023.10.28"]
[EventType "team-tourn"]
[EventRounds "9"]
[EventCountry "DEN"]
[SourceTitle "Live v. Kasper Jerwiarz"]
[Table "7"]

1. Nf3 Nf6 2. c4 e6 3. Nc3 d5 4. d4 c6 5. cxd5 exd5 
6. Bg5 Be7 7. Qc2 O-O 8. e3 Nh5 9. Bxe7 Qxe7 10. Bd3 g6 
11. O-O Ng7 12. Rab1 a5 13. Rfe1 Nd7 14. e4 dxe4 15. Bxe4 Qd8 
16. d5 c5 17. Rbd1 Nf6 18. d6 Bf5 19. Bxf5 Nxf5 20. Nd5 Nxd5 
21. Rxd5 b6 22. d7 Qf6 23. Red1 Rfd8 24. b3 Ra7 25. h3 Qc6 
26. Qe4 Kg7 27. Ne5 Qe6 28. f3 Nd4 29. Kf1 f5 30. Qh4 Rdxd7 
31. Rxd7+ Rxd7 32. f4 Re7 33. Re1 Qf6 34. Qxf6+ Kxf6 35. Nc4 Rb7 
36. Re8 Ne6 37. g3 b5 38. Ne3 a4 39. bxa4 bxa4 40. Nd5+ Kf7 
41. Rh8 Nf8 42. Nf6 Kxf6 43. Rxf8+ Ke6 0-1

[Event "Skakligaen 2023-24"]
[Site "Denmark"]
[Date "2023.10.29"]
[Round "2.8"]
[Board "8"]
[White "Jarlskov, Daniel Tuk Hartso"]
[Black "Kjeldsen, Jens"]
[Result "0-1"]
[WhiteElo "2097"]
[BlackElo "2391"]
[PlyCount "38"]
[WhiteTeam "BMS"]
[BlackTeam "Skanderborg"]
[EventDate "2023.10.28"]
[EventType "team-tourn"]
[EventRounds "9"]
[EventCountry "DEN"]
[SourceTitle "Live v. Kasper Jerwiarz"]
[Table "8"]

1. d4 c5 2. d5 e5 3. e4 d6 4. Bd3 Be7 5. Ne2 Nd7 
6. Ng3 g6 7. O-O h5 8. Re1 h4 9. Nf1 Ngf6 10. f4 exf4 
11. Bxf4 Nh5 12. e5 dxe5 13. Bxe5 Nxe5 14. Rxe5 Kf8 15. Nc3 c4 
16. Bxc4 Bc5+ 17. Kh1 Ng3+ 18. hxg3 hxg3+ 19. Nh2 Rxh2# 0-1

[Event "Skakligaen 2023-24"]
[Site "Denmark"]
[Date "2023.10.29"]
[Round "2.1"]
[Board "1"]
[White "Chatalbashev, Boris"]
[Black "Rozentalis, Eduardas"]
[Result "1/2-1/2"]
[WhiteElo "2467"]
[BlackElo "2473"]
[PlyCount "47"]
[WhiteTeam "Fredericia"]
[BlackTeam "Koge"]
[EventDate "2023.10.28"]
[EventType "team-tourn"]
[EventRounds "9"]
[EventCountry "DEN"]
[SourceTitle "Live v. Kasper Jerwiarz"]
[Table "1"]

1. c4 e6 2. Nc3 Nf6 3. d4 Bb4 4. Nf3 c5 5. g3 cxd4 
6. Nxd4 O-O 7. Bg2 d5 8. cxd5 Nxd5 9. Qb3 Na6 10. O-O Nxc3 
11. bxc3 Be7 12. Be3 Nc5 13. Qb1 Bd7 14. Rd1 Qc7 15. Nf3 Bc6 
16. Bxc5 Bxc5 17. Ng5 g6 18. Bxc6 Qxc6 19. Qe4 Rac8 20. Qh4 h5 
21. Nf3 Qc7 22. Rd3 Be7 23. Qa4 Qc6 24. Qxc6 1/2-1/2

[Event "Skakligaen 2023-24"]
[Site "Denmark"]
[Date "2023.10.29"]
[Round "2.2"]
[Board "2"]
[White "Smith, Axel"]
[Black "Fries Nielsen, Jens Ove"]
[Result "1/2-1/2"]
[WhiteElo "2412"]
[BlackElo "2378"]
[PlyCount "46"]
[WhiteTeam "Koge"]
[BlackTeam "Fredericia"]
[EventDate "2023.10.28"]
[EventType "team-tourn"]
[EventRounds "9"]
[EventCountry "DEN"]
[SourceTitle "Live v. Kasper Jerwiarz"]
[Table "2"]

1. e4 d6 2. d4 a6 3. c4 Nf6 4. Nc3 Nbd7 5. Nf3 e5 
6. Be2 c6 7. O-O b5 8. cxb5 axb5 9. b4 Be7 10. Qb3 O-O 
11. Rd1 Qb6 12. h3 Qb8 13. Be3 Bb7 14. Rd2 Re8 15. Ng5 Rf8 
16. Nf3 Re8 17. Ng5 Rf8 18. dxe5 dxe5 19. Rad1 Bc8 20. Nf3 Re8 
21. Ng5 Rf8 22. Nf3 Re8 23. Ng5 Rf8 1/2-1/2

[Event "Skakligaen 2023-24"]
[Site "Denmark"]
[Date "2023.10.29"]
[Round "2.3"]
[Board "3"]
[White "Light, Bjarne"]
[Black "Ahlander, Bjorn"]
[Result "1/2-1/2"]
[WhiteElo "2212"]
[BlackElo "2400"]
[PlyCount "51"]
[WhiteTeam "Fredericia"]
[BlackTeam "Koge"]
[EventDate "2023.10.28"]
[EventType "team-tourn"]
[EventRounds "9"]
[EventCountry "DEN"]
[SourceTitle "Live v. Kasper Jerwiarz"]
[Table "3"]

1. c4 e5 2. g3 Nf6 3. Bg2 d5 4. cxd5 Nxd5 5. Nc3 Nf6 
6. Nf3 Nc6 7. d3 Bd6 8. O-O O-O 9. Be3 Bg4 10. h3 Be6 
11. Ng5 Bf5 12. Nge4 h6 13. Rc1 Re8 14. Bc5 Nxe4 15. Nxe4 Qd7 
16. Kh2 Be6 17. Qa4 f5 18. Nxd6 cxd6 19. Be3 d5 20. Rc5 Qf7 
21. b4 f4 22. b5 fxe3 23. bxc6 exf2 24. cxb7 Rab8 25. Rb5 Re7 
26. Qxa7 1/2-1/2

[Event "Skakligaen 2023-24"]
[Site "Denmark"]
[Date "2023.10.29"]
[Round "2.4"]
[Board "4"]
[White "Meskenas, Paulius"]
[Black "Schwarz, Frank"]
[Result "1-0"]
[WhiteElo "2261"]
[BlackElo "2226"]
[PlyCount "51"]
[WhiteTeam "Koge"]
[BlackTeam "Fredericia"]
[EventDate "2023.10.28"]
[EventType "team-tourn"]
[EventRounds "9"]
[EventCountry "DEN"]
[SourceTitle "Live v. Kasper Jerwiarz"]
[Table "4"]

1. e4 c5 2. Nf3 e6 3. d4 cxd4 4. Nxd4 Nc6 5. c4 Nf6 
6. Nxc6 bxc6 7. Nc3 e5 8. Be3 Bb4 9. Bd3 O-O 10. O-O Bxc3 
11. bxc3 d6 12. Qa4 Qc7 13. h3 h6 14. Rad1 Be6 15. f4 exf4 
16. Bxf4 Nd7 17. Be2 Ne5 18. Kh2 Rfd8 19. Rd4 f6 20. Rfd1 Rd7 
21. c5 d5 22. exd5 Bxd5 23. Bd3 Rb8 24. Bf5 Rb2 25. Rxd5 Rxd5 
26. Rxd5 1-0

[Event "Skakligaen 2023-24"]
[Site "Denmark"]
[Date "2023.10.29"]
[Round "2.5"]
[Board "5"]
[White "Moeller, Dustin"]
[Black "Jorgensen, Brian"]
[Result "0-1"]
[WhiteElo "2206"]
[BlackElo "2267"]
[PlyCount "164"]
[WhiteTeam "Fredericia"]
[BlackTeam "Koge"]
[EventDate "2023.10.28"]
[EventType "team-tourn"]
[EventRounds "9"]
[EventCountry "DEN"]
[SourceTitle "Live v. Kasper Jerwiarz"]
[Table "5"]

1. c4 c5 2. Nf3 e6 3. g3 Nf6 4. Bg2 Be7 5. O-O O-O 
6. b3 d5 7. cxd5 exd5 8. d4 Nc6 9. Bb2 Re8 10. Nc3 Bg4 
11. dxc5 Bxc5 12. Rc1 Bf8 13. Rc2 Qa5 14. Na4 Ne4 15. Nd4 Nxd4 
16. Qxd4 Bf5 17. Rcc1 Rad8 18. e3 Bg6 19. Nc3 Bc5 20. Qa4 Qxa4 
21. Nxa4 Bb4 22. Bd4 b5 23. Nc5 Ba3 24. Nxe4 Bxc1 25. Nc3 Bb2 
26. Nxb5 Bxd4 27. Nxd4 Be4 28. Bh3 Rd6 29. Rc1 Ra6 30. a4 Rb6 
31. Rc7 a6 32. a5 Rbb8 33. Rc6 Bd3 34. Rc3 Bb1 35. Nc6 Ra8 
36. Bd7 Rf8 37. Ne7+ Kh8 38. Nxd5 Rfd8 39. Nb6 Ra7 40. Bg4 g6 
41. Be2 Bf5 42. f3 Rd2 43. Kf2 Ra2 44. b4 Rb2 45. Nd5 Be6 
46. Nc7 Rxb4 47. Nxa6 Rb2 48. Nc5 Rxa5 49. Nd3 Rd2 50. e4 Raa2 
51. Nc1 Rac2 52. Rxc2 Rxc2 53. Nd3 Bc4 54. Ke3 Kg7 55. e5 Kf8 
56. h4 Ke7 57. Nf4 Ba2 58. Bd3 Rc1 59. Ne2 Rc5 60. f4 Ra5 
61. Nd4 Bd5 62. g4 Ra3 63. Nb5 Ra1 64. Nc3 Bc6 65. h5 gxh5 
66. gxh5 h6 67. Ne2 Ra3 68. Nd4 Bd7 69. f5 f6 70. e6 Be8 
71. Nc2 Ra4 72. Nd4 Bxh5 73. Bb5 Ra1 74. Ke4 Kd6 75. Nc2 Rb1 
76. Bd3 Be8 77. Ne3 Rb4+ 78. Kf3 Bc6+ 79. Ke2 h5 80. Nc4+ Kc5 
81. Ne5 fxe5 82. f6 Kd6 0-1

[Event "Skakligaen 2023-24"]
[Site "Denmark"]
[Date "2023.10.29"]
[Round "2.6"]
[Board "6"]
[White "Nord, Alexander"]
[Black "Pedersen, Daniel Vesterbaek"]
[Result "1/2-1/2"]
[WhiteElo "2201"]
[BlackElo "2188"]
[PlyCount "107"]
[WhiteTeam "Koge"]
[BlackTeam "Fredericia"]
[EventDate "2023.10.28"]
[EventType "team-tourn"]
[EventRounds "9"]
[EventCountry "DEN"]
[SourceTitle "Live v. Kasper Jerwiarz"]
[Table "6"]

1. d4 Nf6 2. Bf4 g6 3. Nc3 Bg7 4. e4 d6 5. Qd2 a6 
6. Bh6 O-O 7. O-O-O b5 8. f3 Nbd7 9. e5 Ne8 10. h4 c5 
11. Bxg7 Nxg7 12. exd6 exd6 13. h5 Nxh5 14. Nge2 cxd4 15. Ne4 d5 
16. Ng5 d3 17. cxd3 h6 18. Nh3 Kg7 19. g4 Nhf6 20. Nhf4 Rh8 
21. Kb1 Ne5 22. Nd4 Qd6 23. Rc1 Bd7 24. Be2 Rac8 25. Rxc8 Bxc8 
26. Bd1 Bd7 27. Qh2 Qb8 28. Bb3 Nc6 29. Nxc6 Bxc6 30. d4 g5 
31. Nd3 Qxh2 32. Rxh2 h5 33. gxh5 Rxh5 34. Rxh5 Nxh5 35. Nb4 Bb7 
36. Bxd5 Bxd5 37. Nxd5 Kg6 38. Kc2 Kf5 39. Kd2 Nf4 40. Nc7 Ne6 
41. Nxa6 Nxd4 42. Ke3 Ke5 43. b3 f5 44. Nb4 Ne6 45. a4 bxa4 
46. bxa4 Kd6 47. Nd3 Nc5 48. Nxc5 Kxc5 49. a5 Kb5 50. Kd4 g4 
51. fxg4 fxg4 52. Ke4 Kxa5 53. Kf4 Kb5 54. Kxg4 1/2-1/2

[Event "Skakligaen 2023-24"]
[Site "Denmark"]
[Date "2023.10.29"]
[Round "2.7"]
[Board "7"]
[White "Easwaralingam, Adesh"]
[Black "Larsen, Ulrik"]
[Result "1-0"]
[WhiteElo "2156"]
[BlackElo "2002"]
[PlyCount "69"]
[WhiteTeam "Fredericia"]
[BlackTeam "Koge"]
[EventDate "2023.10.28"]
[EventType "team-tourn"]
[EventRounds "9"]
[EventCountry "DEN"]
[SourceTitle "Live v. Kasper Jerwiarz"]
[Table "7"]

1. e4 e5 2. Nf3 Nc6 3. Bb5 a6 4. Ba4 Nf6 5. d3 b5 
6. Bb3 Bc5 7. O-O O-O 8. Re1 d6 9. c3 Bb7 10. Nbd2 d5 
11. exd5 Nxd5 12. Ne4 Be7 13. Ng3 Bf6 14. a4 b4 15. Ne4 Be7 
16. d4 exd4 17. cxd4 Rb8 18. Nc5 Bc8 19. h3 Re8 20. Bg5 h6 
21. Bxe7 Ncxe7 22. Ne5 a5 23. Qf3 Rf8 24. Rac1 Rb6 25. Qg3 Nf5 
26. Qf3 Nfe7 27. Bxd5 Nxd5 28. Nb3 Rf6 29. Qg3 Nf4 30. Re4 Nd5 
31. Nxa5 Bf5 32. Nec6 Qa8 33. Re5 Rg6 34. Qf3 Be6 35. Rxd5 1-0

[Event "Skakligaen 2023-24"]
[Site "Denmark"]
[Date "2023.10.29"]
[Round "2.8"]
[Board "8"]
[White "Larsen, Niels Georg"]
[Black "Guindy, Esmat Susanne"]
[Result "0-1"]
[WhiteElo "2003"]
[BlackElo "2044"]
[PlyCount "211"]
[WhiteTeam "Koge"]
[BlackTeam "Fredericia"]
[EventDate "2023.10.28"]
[EventType "team-tourn"]
[EventRounds "9"]
[EventCountry "DEN"]
[SourceTitle "Live v. Kasper Jerwiarz"]
[Table "8"]

1. Nf3 d5 2. g3 Bf5 3. Bg2 e6 4. d4 Nf6 5. O-O Nbd7 
6. Nbd2 Be7 7. c4 c6 8. Re1 h6 9. b3 O-O 10. Bb2 Ne4 
11. Nxe4 Bxe4 12. Nd2 Bxg2 13. Kxg2 Nf6 14. e3 Bb4 15. a3 Bxd2 
16. Qxd2 Ne4 17. Qc2 f5 18. f3 Nf6 19. Rh1 Qd7 20. h4 Rac8 
21. Rad1 Qd6 22. c5 Qc7 23. Rdf1 Rf7 24. Qd2 Nh5 25. Rh3 Rcf8 
26. Qe1 Rf6 27. Rg1 Rg6 28. Kh1 Nf6 29. Bc3 h5 30. Rh2 Nd7 
31. b4 e5 32. dxe5 Nxe5 33. Bxe5 Qxe5 34. Re2 Re8 35. Qf2 Rge6 
36. e4 dxe4 37. fxe4 fxe4 38. Rge1 Qf6 39. Qxf6 gxf6 40. Rf1 Kf7 
41. Rf4 Re5 42. Kg2 f5 43. Rd2 Kf6 44. Rd7 R8e7 45. Rd8 Rd5 
46. Rh8 e3 47. Rf1 Rd2+ 48. Kf3 e2 49. Re1 Rd3+ 50. Kf2 Rxa3 
51. Rh6+ Kg7 52. Rxh5 Kg6 53. Rg5+ Kf6 54. g4 fxg4 55. Rxg4 Rh3 
56. Rf4+ Kg7 57. Rg1+ Kh7 58. Ke1 Rd3 59. Kf2 Rd2 60. Re1 Kg6 
61. Rg1+ Kh5 62. Re1 Rb2 63. Kf3 Rb3+ 64. Kf2 Rh3 65. Rg1 Rxh4 
66. Rf5+ Kh6 67. Rf3 e1=Q+ 68. Rxe1 Rxe1 69. Kxe1 Rxb4 70. Ra3 a6 
71. Kd2 Rb5 72. Rc3 Kg6 73. Kd3 Rb4 74. Rc2 Kf6 75. Kc3 a5 
76. Ra2 Rb5 77. Kc4 Ke6 78. Re2+ Kd7 79. Rh2 Kc7 80. Rh8 Kd7 
81. Ra8 Ke6 82. Re8+ Kf5 83. Rf8+ Ke4 84. Re8+ Kf3 85. Re7 a4 
86. Rf7+ Ke2 87. Rh7 Kd2 88. Rh2+ Kc1 89. Ra2 Ra5 90. Kb4 Kb1 
91. Kc3 Kc1 92. Kb4 Kb1 93. Rh2 Rb5+ 94. Kxa4 Rxc5 95. Rh1+ Rc1 
96. Rh7 b5+ 97. Kb3 c5 98. Rh2 c4+ 99. Kb4 Rc2 100. Rh1+ Kb2 
101. Kxb5 c3 102. Kc4 Rg2 103. Rh8 c2 104. Rb8+ Kc1 105. Kd3 Kd1 
106. Rh8 0-1

[Event "Skakligaen 2023-24"]
[Site "Denmark"]
[Date "2023.10.29"]
[Round "2.1"]
[Board "1"]
[White "Ramsdal, Jens Albert"]
[Black "Hillarp Persson, Tiger"]
[Result "0-1"]
[WhiteElo "2399"]
[BlackElo "2497"]
[PlyCount "80"]
[WhiteTeam "SK1968"]
[BlackTeam "Bronshoj"]
[EventDate "2023.10.28"]
[EventType "team-tourn"]
[EventRounds "9"]
[EventCountry "DEN"]
[SourceTitle "Live v. Kasper Jerwiarz"]
[Table "1"]

1. d4 Nf6 2. c4 e6 3. Nc3 Bb4 4. Qc2 d5 5. cxd5 exd5 
6. Bg5 h6 7. Bh4 Nc6 8. e3 g5 9. Bg3 h5 10. Bb5 h4 
11. Be5 O-O 12. Bxf6 Qxf6 13. Bd3 Ne7 14. a3 Bxc3+ 15. Qxc3 Bf5 
16. Rc1 c5 17. Bxf5 cxd4 18. Qxd4 Qxd4 19. exd4 Nxf5 20. Ne2 Rfe8 
21. Kd2 Re4 22. f3 Re6 23. Rc5 Rd8 24. Rg1 Kg7 25. g4 hxg3 
26. Nxg3 Nxd4 27. Rc3 Kf8 28. b3 a5 29. a4 Rb6 30. Ne2 Ne6 
31. f4 gxf4 32. h4 d4 33. Rf3 d3 34. Nc1 Nc5 35. Rxf4 Nxb3+ 
36. Nxb3 Rxb3 37. Rd1 Re8 38. Rc1 Re2+ 39. Kd1 Rg2 40. Rc8+ Kg7 
0-1

[Event "Skakligaen 2023-24"]
[Site "Denmark"]
[Date "2023.10.29"]
[Round "2.2"]
[Board "2"]
[White "Vasli, Aref"]
[Black "Lauridsen, Jesper Morch"]
[Result "1/2-1/2"]
[WhiteElo "2392"]
[BlackElo "2304"]
[PlyCount "36"]
[WhiteTeam "Bronshoj"]
[BlackTeam "SK1968"]
[EventDate "2023.10.28"]
[EventType "team-tourn"]
[EventRounds "9"]
[EventCountry "DEN"]
[SourceTitle "Live v. Kasper Jerwiarz"]
[Table "2"]

1. e4 c5 2. Nf3 e6 3. d4 cxd4 4. Nxd4 Nc6 5. Nc3 Qc7 
6. g3 a6 7. Bg2 Nf6 8. O-O Nxd4 9. Qxd4 Bc5 10. Bf4 d6 
11. Qd2 h6 12. Rad1 e5 13. Be3 Bxe3 14. fxe3 Be6 15. Qxd6 Rc8 
16. Qxc7 Rxc7 17. Rd2 Ke7 18. Rc1 Rxc3 1/2-1/2

[Event "Skakligaen 2023-24"]
[Site "Denmark"]
[Date "2023.10.29"]
[Round "2.3"]
[Board "3"]
[White "Thogersen, Rasmus"]
[Black "Aabling Thomsen, Jakob"]
[Result "0-1"]
[WhiteElo "2321"]
[BlackElo "2346"]
[PlyCount "76"]
[WhiteTeam "SK1968"]
[BlackTeam "Bronshoj"]
[EventDate "2023.10.28"]
[EventType "team-tourn"]
[EventRounds "9"]
[EventCountry "DEN"]
[SourceTitle "Live v. Kasper Jerwiarz"]
[Table "3"]

1. e4 c5 2. Nf3 g6 3. d4 cxd4 4. Nxd4 Nc6 5. c4 Nf6 
6. Nc3 Nxd4 7. Qxd4 d6 8. Be2 Bg7 9. Bg5 O-O 10. Qd2 a5 
11. O-O a4 12. Rad1 Be6 13. f4 Qa5 14. f5 gxf5 15. exf5 Bxf5 
16. Bxf6 exf6 17. Nb5 Qxd2 18. Rxd2 Be6 19. Nxd6 b6 20. g4 Rfd8 
21. Rfd1 Bf8 22. Ne4 Be7 23. Rxd8+ Bxd8 24. Bf3 Rb8 25. Rd4 Be7 
26. Kf1 Kg7 27. Nc3 Bc5 28. Re4 a3 29. b3 Rd8 30. Ke2 f5 
31. gxf5 Bxf5 32. Rf4 Bd3+ 33. Kd2 Bxc4+ 34. Ke1 Be6 35. Bg4 Be3 
36. Re4 Bd2+ 37. Ke2 Bxc3 38. Bxe6 fxe6 0-1

[Event "Skakligaen 2023-24"]
[Site "Denmark"]
[Date "2023.10.29"]
[Round "2.4"]
[Board "4"]
[White "Pilgaard, Kim"]
[Black "Matthiesen, Martin"]
[Result "1/2-1/2"]
[WhiteElo "2379"]
[BlackElo "2282"]
[PlyCount "154"]
[WhiteTeam "Bronshoj"]
[BlackTeam "SK1968"]
[EventDate "2023.10.28"]
[EventType "team-tourn"]
[EventRounds "9"]
[EventCountry "DEN"]
[SourceTitle "Live v. Kasper Jerwiarz"]
[Table "4"]

1. e4 c6 2. Nc3 d5 3. Nf3 Bg4 4. h3 Bxf3 5. Qxf3 e6 
6. Be2 Nf6 7. O-O Nbd7 8. d4 dxe4 9. Nxe4 Be7 10. c3 Nxe4 
11. Qxe4 O-O 12. Bd3 Nf6 13. Qe2 Qc7 14. Bc2 Rad8 15. Bd2 c5 
16. dxc5 Bxc5 17. Rad1 Rd5 18. Bc1 Rfd8 19. Qf3 Bd6 20. Rxd5 Nxd5 
21. Rd1 Nf6 22. g3 Be7 23. Rxd8+ Bxd8 24. Qd3 Be7 25. a3 g6 
26. Qf3 Kg7 27. Qe2 h5 28. Qe3 Bc5 29. Qh6+ Kg8 30. Qf4 Qe7 
31. Qb8+ Kg7 32. Bg5 Qd6 33. Qxd6 Bxd6 34. Kf1 Be5 35. Ke2 Nh7 
36. Be3 b6 37. a4 Nf6 38. f4 Bc7 39. c4 Kf8 40. Kf3 Ke7 
41. c5 Nd5 42. cxb6 Bxb6 43. Bxb6 axb6 44. Be4 Nb4 45. Ke3 Kd6 
46. Kd4 f5 47. Bh1 Nc2+ 48. Kd3 Nb4+ 49. Kc4 Nc2 50. b4 e5 
51. fxe5+ Kxe5 52. a5 Nxb4 53. axb6 Na6 54. Kb5 Nb8 55. b7 g5 
56. Kb6 Kd6 57. Ka7 Nd7 58. Bf3 h4 59. g4 f4 60. b8=Q+ Nxb8 
61. Kxb8 Ke5 62. Kc7 Kd4 63. Kd6 Ke3 64. Bc6 Kf2 65. Ke5 Kg3 
66. Kf5 Kxh3 67. Kxg5 Kg3 68. Kf5 f3 69. g5 f2 70. Bb5 h3 
71. g6 h2 72. g7 f1=Q+ 73. Bxf1 h1=Q 74. g8=Q+ Kf2 75. Bc4 Qf3+ 
76. Ke5 Qg3+ 77. Qxg3+ Kxg3 1/2-1/2

[Event "Skakligaen 2023-24"]
[Site "Denmark"]
[Date "2023.10.29"]
[Round "2.5"]
[Board "5"]
[White "Hansen, Lars"]
[Black "Hoi, Carsten"]
[Result "0-1"]
[WhiteElo "2189"]
[BlackElo "2323"]
[PlyCount "55"]
[WhiteTeam "SK1968"]
[BlackTeam "Bronshoj"]
[EventDate "2023.10.28"]
[EventType "team-tourn"]
[EventRounds "9"]
[EventCountry "DEN"]
[SourceTitle "Live v. Kasper Jerwiarz"]
[Table "5"]

1. e4 e5 2. Nf3 Nc6 3. d4 exd4 4. Bc4 d6 5. Nxd4 g6 
6. O-O Bg7 7. Nxc6 bxc6 8. Nc3 Ne7 9. Bg5 Be6 10. Qe2 Qd7 
11. f4 Bxc4 12. Qxc4 Qe6 13. Qa4 f6 14. Nd5 Kd7 15. Nxe7 Qxe7 
16. Bh4 Qe6 17. Rad1 Rhe8 18. Rfe1 g5 19. Bg3 gxf4 20. Bxf4 Qg4 
21. g3 f5 22. h3 Qxh3 23. e5 Bxe5 24. Rxe5 Rxe5 25. Bxe5 Re8 
26. Qf4 Qh5 27. Rd2 Kc8 28. Bd4 0-1

[Event "Skakligaen 2023-24"]
[Site "Denmark"]
[Date "2023.10.29"]
[Round "2.6"]
[Board "6"]
[White "Palm, Nikolaj"]
[Black "Rewitz, Poul"]
[Result "0-1"]
[WhiteElo "2271"]
[BlackElo "2199"]
[PlyCount "80"]
[WhiteTeam "Bronshoj"]
[BlackTeam "SK1968"]
[EventDate "2023.10.28"]
[EventType "team-tourn"]
[EventRounds "9"]
[EventCountry "DEN"]
[SourceTitle "Live v. Kasper Jerwiarz"]
[Table "6"]

1. d4 g6 2. e4 Nf6 3. Nc3 d5 4. e5 Ne4 5. Nxe4 dxe4 
6. Be3 Bg7 7. Bc4 O-O 8. Ne2 c5 9. c3 Nc6 10. a3 Bg4 
11. O-O Rc8 12. h3 Bf5 13. Ba2 h5 14. Ng3 e6 15. Nxf5 exf5 
16. e6 cxd4 17. exf7+ Kh7 18. cxd4 Nxd4 19. Bxd4 Qxd4 20. Rb1 Rfd8 
21. Qb3 Qb6 22. Rfd1 Bd4 23. Qxb6 Bxb6 24. Rxd8 Rxd8 25. Kf1 Kg7 
26. Ke2 Rc8 27. Bb3 Bd4 28. a4 Rc6 29. Rd1 Rb6 30. Rxd4 Rxb3 
31. Rd7 a5 32. h4 b6 33. Rb7 f4 34. g3 Rxb2+ 35. Ke1 f3 
36. Re7 Re2+ 37. Kd1 Kf8 38. Re6 Kxf7 39. Rxb6 Rxf2 40. Rb5 e3 
0-1

[Event "Skakligaen 2023-24"]
[Site "Denmark"]
[Date "2023.10.29"]
[Round "2.7"]
[Board "7"]
[White "Moller, Morten Kock"]
[Black "Junge, Ralph"]
[Result "1/2-1/2"]
[WhiteElo "2227"]
[BlackElo "2253"]
[PlyCount "126"]
[WhiteTeam "SK1968"]
[BlackTeam "Bronshoj"]
[EventDate "2023.10.28"]
[EventType "team-tourn"]
[EventRounds "9"]
[EventCountry "DEN"]
[SourceTitle "Live v. Kasper Jerwiarz"]
[Table "7"]

1. e4 c5 2. c3 d5 3. exd5 Qxd5 4. d4 g6 5. Nf3 Nc6 
6. Be3 Bg7 7. dxc5 Qxd1+ 8. Kxd1 Nf6 9. Bb5 Ng4 10. Nbd2 Nxe3+ 
11. fxe3 Bd7 12. Ke2 Rc8 13. Rac1 O-O 14. Rhd1 Rfd8 15. b4 h6 
16. h3 Be6 17. Bc4 Bd7 18. Bb3 Bf5 19. e4 Bd7 20. Nc4 Be6 
21. Ncd2 Bd7 22. Nf1 Ne5 23. Nxe5 Bxe5 24. Ne3 Bb5+ 25. c4 Rxd1 
26. Rxd1 Be8 27. Rd3 h5 28. Kf3 e6 29. Nc2 Kf8 30. Nd4 a6 
31. Ke3 Ke7 32. Nf3 Bb2 33. Bc2 a5 34. a3 axb4 35. axb4 Ra8 
36. Nd4 Bc1+ 37. Kf3 Ra2 38. Bb3 Ra8 39. Nb5 Bxb5 40. cxb5 Ba3 
41. c6 bxc6 42. bxc6 Bxb4 43. Rd7+ Kf6 44. Bc4 Ra3+ 45. Ke2 Rc3 
46. Bb5 Ba5 47. Ra7 Bb6 48. Rb7 Ba5 49. Ra7 Bb6 50. Rb7 Ba5 
51. Ba4 Rc4 52. e5+ Kg7 53. Bb5 Rc5 54. Ke3 Rxe5+ 55. Kd4 Kf6 
56. Rxf7+ Kxf7 57. Kxe5 Bc7+ 58. Kd4 Bb6+ 59. Ke4 Kf6 60. Be2 Bc7 
61. Bc4 Bb6 62. Be2 Bc7 63. Bc4 Bb6 1/2-1/2

[Event "Skakligaen 2023-24"]
[Site "Denmark"]
[Date "2023.10.29"]
[Round "2.8"]
[Board "8"]
[White "Falkesgaard, Jeppe Hald"]
[Black "Joyce, Stephen"]
[Result "0-1"]
[WhiteElo "2162"]
[BlackElo "2082"]
[PlyCount "86"]
[WhiteTeam "Bronshoj"]
[BlackTeam "SK1968"]
[EventDate "2023.10.28"]
[EventType "team-tourn"]
[EventRounds "9"]
[EventCountry "DEN"]
[SourceTitle "Live v. Kasper Jerwiarz"]
[Table "8"]

1. c4 c5 2. g3 g6 3. Bg2 Bg7 4. Nf3 Nc6 5. O-O e6 
6. Nc3 Nge7 7. d4 cxd4 8. Nb5 d5 9. Bf4 e5 10. cxd5 exf4 
11. dxc6 Nxc6 12. gxf4 O-O 13. Qd2 a6 14. Na3 Re8 15. Rad1 Be6 
16. Nc2 Bxa2 17. Ncxd4 Nxd4 18. Nxd4 Bd5 19. Nf5 Bxg2 20. Nxg7 Qxd2 
21. Rxd2 Rxe2 22. Rxe2 Bxf1 23. Kxf1 Kxg7 24. Re7 b5 25. Rb7 Re8 
26. Kg2 Kf6 27. Kf3 Re6 28. Rb8 Rc6 29. Rb7 h5 30. b3 Ke6 
31. Ke4 Rd6 32. Ke3 f5 33. Rg7 Kd5 34. Kd3 Kc5+ 35. Kc3 a5 
36. Ra7 Kb6 37. Rg7 Rc6+ 38. Kb2 a4 39. bxa4 bxa4 40. Ka3 Kb5 
41. Rb7+ Kc4 42. Rb4+ Kd3 43. Kxa4 Rc4 0-1